AH International Schools' Libraries

The boy who said no! / (Record no. 48364)

MARC details
000 -LEADER
fixed length control field 00309nam a2200109 4500
020 ## - INTERNATIONAL STANDARD BOOK NUMBER
International Standard Book Number 9781784404215
100 ## - MAIN ENTRY--PERSONAL NAME
Personal name Griffin, Charlie
9 (RLIN) 86023
245 ## - TITLE STATEMENT
Title The boy who said no! /
Statement of responsibility, etc Charlie Griffin & Kathryn Durst
260 ## - PUBLICATION, DISTRIBUTION, ETC. (IMPRINT)
Place of publication, distribution, etc Sywell
Name of publisher, distributor, etc Igloo Books
Date of publication, distribution, etc 2016
300 ## - PHYSICAL DESCRIPTION
Extent unpaged.
Other physical details col. ill.
Dimensions 25 cm.
942 ## - ADDED ENTRY ELEMENTS (KOHA)
Source of classification or shelving scheme
Koha item type Book
Holdings
Withdrawn status Lost status Source of classification or shelving scheme Damaged status Not for loan Home library Current library Shelving location Date acquired Total Checkouts Total Renewals Full call number Barcode Date last seen Date checked out Price effective from Koha item type
          Asian Hope Early Years Library Asian Hope Early Years Library Easy Reading 02/10/2025 9 1 E GRI 206940 04/29/2026 04/22/2026 02/10/2025 Book

For any Logos Library related questions please contact Miss Art at swongnarasuk@asianhope.org.

For any Asian Hope Library related questions please contact Miss Raza at graza@asianhope.org.

Powered by Koha